📖💬 Paroles "Le Lièvre et la Tortue" la Fontaine - Statistiques

Statistiques générales
  • Ce quiz a été pris 237 fois
  • Le résultat moyen est 132 sur 265
Statistiques - réponses
Mots % Correct
l'
99%
98%
t-
98%
la
97%
Le
96%
le
96%
Tortue
96%
Lièvre
95%
s'
94%
et
92%
Et
92%
à
91%
A
91%
d'
91%
D'
91%
de
90%
De
90%
n'
89%
se
89%
il
87%
Il
87%
ne
85%
courir ;
84%
part,
84%
partir
83%
faut
82%
sert
82%
point.
81%
point
81%
Rien
81%
un
70%
Ma
67%
qu'
66%
Qu'
66%
est
65%
J'
64%
Elle
62%
elle
62%
elle,
62%
que
62%
Que
62%
en
60%
son
59%
une
58%
je
56%
je,
56%
pas
56%
Si
56%
vit
56%
vous
56%
ce
55%
ou
54%
54%
les
53%
des
52%
au
50%
On
50%
on
50%
mais
49%
pour
48%
Pour
48%
dit
46%
quoi,
44%
quoi
44%
sont
43%
faire ;
41%
Ni
40%
tout
40%
y
40%
Avec
39%
avec
39%
du
38%
Êtes-
38%
avait
36%
bien,
36%
temps
36%
vitesse ?
36%
votre
36%
autre
35%
fin
35%
quel
35%
va
35%
comme
33%
Lui
33%
lui
33%
moi
33%
Moi,
33%
quand
32%
tous
32%
ci,
31%
arriva
29%
fait :
29%
fait
29%
leur
29%
première.
29%
tôt
29%
tôt ?
29%
lenteur.
28%
animal
27%
aux
27%
celle-
27%
près
27%
deux
26%
peu
24%
avais-
23%
dis-
23%
dormir,
23%
encore.
23%
être
23%
fit
23%
quatre
23%
témoignage.
23%
chose
22%
hâte
22%
maison ?
22%
repose,
22%
tard.
22%
Aller
21%
non,
21%
vient
21%
but.
20%
but
20%
parie
20%
bout
19%
ceux
19%
fut
19%
portiez
19%
train
19%
cria-
18%
honneur
18%
Notre
18%
raison ?
18%
serait-
18%
atteindrez
17%
commère
17%
Gageons,
16%
partit
16%
vent ;
16%
Ainsi
15%
ellébore.
15%
grains
15%
lorsque
15%
mit
15%
purger
15%
sage ?
15%
Sage
15%
Sénateur.
15%
emporter !
14%
laisse
14%
Savoir
14%
affaire,
13%
chiens,
12%
évertue ;
12%
gageure
12%
gageure.
12%
juge
12%
léger.
12%
presque
12%
telle
12%
amuse
11%
Ayant,
11%
Croit
11%
enjeux :
11%
entends
11%
Furent
11%
reste
11%
vains :
11%
arpenter
10%
atteint,
10%
broute,
10%
Calendes,
10%
carrière ;
10%
convint.
10%
élans
10%
éloigne
10%
Landes?
10%
prêt
10%
Repartit
10%
touchait
10%
trait ;
10%
victoire,
10%
brouter,
9%
écouter
9%
renvoie
9%
gloire ;
8%
Tient
8%
cependant
7%
méprise
7%
Aucun quiz correspondant
Distribution des résultats
% des personnes avec chaque résultat
Percentile par nombre de réponses
Votre historique - résultats
Vous n’avez pas pris ce quiz